00972cam a22002533a 4500001000500000005001700005020001700022040003300039050001600072082000800088100003400096245008800130260003400218300004000252500003200292505000800324520023300332521002000565521002000585650003200605655002800637655002400665700002900689119520231124093803.0 a078073003990 aVPLcVPLdSLCdOCLdDLCbeng00aPZ8.M551155 a5091 aMedearis, Angela Shelfd1956-14aThe spray-paint mystery /cAngela Shelf Medearis ; illustrated by Richard Williams. aNew York :bScholastic,c1996 a102 pages :bIllustrations ;c20 cm a"A Little Apple paperback." aJ  aSomeone's been painting graffiti on the walls. It's up to Cameron to find out who and prove that he can be a great detective just like his dad. With help from his best friend, Tarann, it's up to him to solve this paint puzzle! a470 bLexile  aJ bRaz-Plus  0aGraffitivJuvenile fiction. 7aMystery fiction.2gsafd 0aChildren's stories.1 aWilliams, Richardd1950-